presence of bacteria in localchiken meat at market in borset district,kampong speu province វត្តមានបាតើតេរីសាច់មានស្រុកនៅលើទីផ្សារស្រុកបសេដ្ឋ ខេត្តកំពង់ស្ពឺ (Record no. 18540)

000 -LEADER
fixed length control field 00701nam a22001337a 4500
040 ## - CATALOGING SOURCE
Transcribing agency RUA
082 ## - DEWEY DECIMAL CLASSIFICATION NUMBER
Classification number AVM SOE 2018 B654 Or.1
100 ## - MAIN ENTRY--AUTHOR NAME
Personal name SOEUN KIMSOUR សឿន គីមសូរ
245 ## - TITLE STATEMENT
Title presence of bacteria in localchiken meat at market in borset district,kampong speu province វត្តមានបាតើតេរីសាច់មានស្រុកនៅលើទីផ្សារស្រុកបសេដ្ឋ ខេត្តកំពង់ស្ពឺ
260 ## - PUBLICATION, DISTRIBUTION, ETC. (IMPRINT)
Place of publication RUA
Name of publisher Phnom penh
Year of publication 2018
300 ## - PHYSICAL DESCRIPTION
Number of Pages ix;26p
Other physical details ill;
Dimensions 29cm
856 ## - ELECTRONIC LOCATION AND ACCESS
Uniform Resource Identifier https://drive.google.com/file/d/13CqF6HqdvpQ2A2ldGCFov-2JqonAxvpy/view?usp=sharing
942 ## - ADDED ENTRY ELEMENTS (KOHA)
Koha item type AVM
952 ## - LOCATION AND ITEM INFORMATION (KOHA)
Withdrawn status [LOCAL, KOHA] 0
952 ## - LOCATION AND ITEM INFORMATION (KOHA)
Withdrawn status [LOCAL, KOHA] 0
952 ## - LOCATION AND ITEM INFORMATION (KOHA)
Withdrawn status [LOCAL, KOHA] 0
952 ## - LOCATION AND ITEM INFORMATION (KOHA)
Withdrawn status [LOCAL, KOHA] 0
952 ## - LOCATION AND ITEM INFORMATION (KOHA)
Withdrawn status [LOCAL, KOHA] 0
952 ## - LOCATION AND ITEM INFORMATION (KOHA)
Withdrawn status [LOCAL, KOHA] 0
Holdings
Permanent Location Date acquired Koha item type Lost status Shelving location Barcode Current Location Full call number
Library Block B2019-12-17AVM B654A063789Library Block BAVM SOE 2018 B654 Or.1
Library Block B2019-12-17AVM B654A063817Library Block BAVM SOE 2018 B654 Or.2
Library Block B2019-12-17AVM B654A063289Library Block BAVM SOE 2018 B654 Or.3
Library Block B2019-12-17AVM B654A063757Library Block BAVM SOE 2018 B654 Or.4
Library Block B2019-12-17AVM B654A063729Library Block BAVM SOE 2018 B654 Or.5
Library Block B2019-12-17AVM B654 Library Block BAVM SOE 2018 B654 Or.1
មជ្ឈមណ្ឌលឯការនៃសាកលវិទ្យាល័យភូមិន្ទកសិកម្មចំការដូង

Powered by Koha